Taylor Swift - Vigilante Sh*t Lyrics - Statistics

General Stats
  • This quiz has been taken 166 times
  • The average score is 240 of 261
Answer Stats
Answer % Correct
a
100%
be
100%
I
100%
men
100%
So
100%
so
100%
the
100%
The
100%
You
100%
you
100%
been
99%
dress
99%
dressin'
99%
for
99%
in
99%
it
99%
I've
99%
Lately
99%
on
99%
revenge
99%
to
99%
and
98%
And
98%
but
98%
don't
98%
Don't
98%
I'm
98%
She
98%
she
98%
shit
98%
ends
97%
get
97%
how
97%
of
97%
she's
97%
your
97%
can
95%
got
95%
he
95%
kill
95%
me
95%
tell
95%
women
95%
even
94%
vigilante
93%
weekends
93%
where
93%
enough
92%
from?
92%
man
92%
pretty
92%
sad
92%
some
92%
start
92%
them
92%
think
92%
looks
91%
say
91%
bad
90%
cat
90%
Draw
90%
dressing
90%
eye
90%
friends
90%
had
90%
worst
90%
did
89%
Drivin'
89%
sharp
89%
know
87%
things
86%
wife
86%
Benz
85%
her
85%
my
85%
They
85%
was
85%
envelope
84%
Ladies
84%
lady
84%
Or
84%
try
84%
ex
83%
FBI
83%
what
83%
all
82%
gave
82%
kids
82%
with
82%
cold
80%
doin'
80%
might
80%
needed
80%
proof
80%
again
79%
always
79%
gets
79%
house
79%
lines
79%
mine
79%
above
78%
last
78%
want
78%
hard
77%
his
77%
Now
77%
people
77%
Someone
77%
told
77%
which
77%
crimes
76%
crossin'
76%
rise
76%
white
76%
wonder
76%
as
75%
kind
74%
villains
74%
collar
72%
fun
72%
lie
72%
sweet
72%
innocents
71%
Sometimes
70%
simply
69%
Picture
68%
pride
68%
thick
66%
thieves
66%
While
61%
one'll
38%
No matching quizzes found
Score Distribution
Percent of People with Each Score
Percentile by Number Answered
Your Score History
You have not taken this quiz